000 00484nam a2200145 a 4500
005 20140414131851.0
008 100802s19uu xx 00 eng d
050 _aM 509.2
_bB45 2007
100 _aBerger, Melvin
245 _aDid it take creativity to find relativity, Albert Einstein? /
_cMelvin and Gilda Berger ; illustrated by Brandon Dorman.
260 _aNew York :
_bScholastic Nonfiction,
_c2007.
440 _aScience supergiants
650 _aScientists
999 _c110194
_d110194